UM Logo

Fundamentals of criminal investigation and intelligence / (Record no. 22260)

MARC details
000 -LEADER
fixed length control field 00740nam a22002057a 4500
005 - DATE AND TIME OF LATEST TRANSACTION
control field 20241010062523.0
008 - FIXED-LENGTH DATA ELEMENTS--GENERAL INFORMATION
fixed length control field 241007b |||||||| |||| 00| 0 eng d
020 ## - INTERNATIONAL STANDARD BOOK NUMBER
International Standard Book Number 9786214183517
082 ## - DEWEY DECIMAL CLASSIFICATION NUMBER
Classification number DFil 363.25 L881 2024
100 ## - MAIN ENTRY--PERSONAL NAME
Personal name Lopez, Judy S.
9 (RLIN) 46416
245 ## - TITLE STATEMENT
Title Fundamentals of criminal investigation and intelligence /
Statement of responsibility, etc. Judy S. Lopez and Thomas B. Taynan Jr.,
260 ## - PUBLICATION, DISTRIBUTION, ETC. (IMPRINT)
Place of publication, distribution, etc. Quezon City :
Name of publisher, distributor, etc. Wiseman's Books Trading, Inc.,
Date of publication, distribution, etc. ©2024.
300 ## - PHYSICAL DESCRIPTION
Extent iv, 313 pages :
Other physical details illustrations ;
Dimensions 22 cm.
500 ## - GENERAL NOTE
General note Includes references.
650 #0 - SUBJECT ADDED ENTRY--TOPICAL TERM
Topical term or geographic name as entry element Criminal investigation.
9 (RLIN) 62600
650 #0 - SUBJECT ADDED ENTRY--TOPICAL TERM
Topical term or geographic name as entry element Forensic sciences.
9 (RLIN) 1186
650 #0 - SUBJECT ADDED ENTRY--TOPICAL TERM
Topical term or geographic name as entry element Intelligence service.
9 (RLIN) 5501
700 ## - ADDED ENTRY--PERSONAL NAME
Personal name Taynan, Thomas B.,
Relator term author.
Dates associated with a name Jr.
9 (RLIN) 46420
942 ## - ADDED ENTRY ELEMENTS (KOHA)
Source of classification or shelving scheme Dewey Decimal Classification
Koha item type Filipiniana
Holdings
Withdrawn status Lost status Source of classification or shelving scheme Damaged status Not for loan Collection code Home library Current library Date acquired Source of acquisition Cost, normal purchase price Total Checkouts Full call number Barcode Date last seen Copy number Price effective from Koha item type
    Dewey Decimal Classification     Filipiniana UM Digos College - LIC UM Digos College - LIC 08/20/2024 Purchased 598.00   DFil 363.25 L881 2024 28345 05/15/2025 1 10/07/2024 Filipiniana
    Dewey Decimal Classification     Filipiniana UM Digos College - LIC UM Digos College - LIC 08/20/2024 Purchased 598.00   DFil 363.25 L881 2024 28346 05/15/2025 2 10/07/2024 Filipiniana
    Dewey Decimal Classification     Filipiniana UM Digos College - LIC UM Digos College - LIC 08/11/2025 Purchased 598.00   DFil 363.25 L881 2024 29169 11/03/2025 3 11/03/2025 Filipiniana